| 000 | 00571nmm a2200181Ia 4500 | ||
|---|---|---|---|
| 008 | 251105s9999||||xx |||||||||||||||||und|| | ||
| 020 | _a9789871432394 | ||
| 041 | _aspa | ||
| 100 | _aSbarato, Darío | ||
| 245 | 0 | _aEl manejo de los residuos sólidos urbanos convencionales y no convencionales | |
| 264 |
_a[Buenos Aires, Argentina] : _bEditorial Brujas, _c2012 |
||
| 300 | _a108 páginas | ||
| 650 | _aEnvironmental Sciences | ||
| 700 | _aSbarato, Darío | ||
| 700 | 1 | _a Abburrá, Rogelio | |
| 856 | _uhttps://public.digitaliapublishing.com/a/41827 | ||
| 942 | _cCF | ||
| 999 |
_c71215 _d71215 |
||